000123005 001__ 123005 000123005 005__ 20260423130151.0 000123005 020__ $$a978-1-84800-072-8 000123005 020__ $$a978-1-84800-072-8 (electronic) 000123005 037__ $$aERESRWTH-2020-00053 000123005 1001_ $$0P:(DE-HGF)0$$aSalomon, David$$b0 000123005 245__ $$aA Concise Introduction to Data Compression 000123005 260__ $$aLondon$$bSpringer London$$c2008 000123005 300__ $$a- 000123005 3367_ $$2BibTeX$$aBOOK 000123005 3367_ $$0PUB:(DE-HGF)3$$2PUB:(DE-HGF)$$aBook$$bbook$$mbook$$s1776942064_2733447 000123005 3367_ $$2DataCite$$aOutput Types/Book 000123005 3367_ $$2ORCID$$aBOOK 000123005 3367_ $$01$$2EndNote$$aBook 000123005 3367_ $$2DRIVER$$abook 000123005 4900_ $$aUndergraduate Topics in Computer Science 000123005 500__ $$aOnline-Ressource über KatalogPlus der Universitätsbibliothek RWTH Aachen innerhalb des RWTH-Netzes verfügbar! Einplatznutzung ; Bestand Universitätsbibliothek: gedruckte Ausgabe. Signatur: (1)007421 000123005 588__ $$aDataset connected to CrossRef Book Series 000123005 8564_ $$uhttps://ebookcentral.proquest.com/lib/rwthaachen-ebooks/detail.action?docID=6310561 000123005 909CO $$ooai:reserves.ub.rwth-aachen.de:123005$$pVDB 000123005 9151_ $$0StatID:(DE-HGF)2103$$2StatID$$aAnschaffungsvorschlag / Purchase request$$x0 000123005 9201_ $$0I:(DE-RON)20ss-12.35067$$k20ss-12.35067$$lProseminar Informationstheorie (PS) [12.35067]$$x0 000123005 9201_ $$0I:(DE-RON)21ws-12.35067$$k21ws-12.35067$$lProseminar Informationstheorie Gruppe 1 (PS) [21ws-12.35067]$$x1 000123005 9201_ $$0I:(DE-RON)22ss-12.35067$$k22ss-12.35067$$lProseminar Informationsstheorie Gruppe 1 (PS) [22ss-12.35067]$$x2 000123005 9201_ $$0I:(DE-RON)26ss-12.35067$$k26ss-12.35067$$lProseminar Informationsstheorie Gruppe 1 (PS) [26ss-12.35067]$$x3 000123005 961__ $$c2026-04-23T13:01:47.571893$$i2020-04-06T11:43:31.648551$$x2020-04-06T11:43:31.648551$$z2026-04-23T13:01:47.571893 000123005 980__ $$abook 000123005 980__ $$aVDB 000123005 980__ $$aI:(DE-RON)20ss-12.35067 000123005 980__ $$aI:(DE-RON)21ws-12.35067 000123005 980__ $$aI:(DE-RON)22ss-12.35067 000123005 980__ $$aI:(DE-RON)26ss-12.35067 000123005 980__ $$aUNRESTRICTED
